| 000 | 00334nam a22001337a 4500 | ||
|---|---|---|---|
| 008 | 170824b xxu||||| |||| 00| 0 eng d | ||
| 020 | _a9780534380021 | ||
| 041 | _aeng | ||
| 080 |
_25 ed _a51 |
||
| 100 | _a38 | ||
| 101 | _aMAT | ||
| 245 |
_aDIFFRENTIAL EAQUATIONS WITH BOUNDARY VALUE PROBLEMS _cZILL.D.G |
||
| 942 |
_2udc _cBK |
||
| 999 |
_c24785 _d24785 |
||